|
|
|
|
| LEADER |
01458nam a2200289 a 4500 |
| 001 |
1667069 |
| 008 |
091208s1997 bg b 001 0 eng d |
| 010 |
|
|
|a \\\97904924
|
| 020 |
|
|
|a 9840513877
|
| 040 |
|
|
|a DLC
|c DLC
|d BD-DhAAL
|
| 082 |
0 |
0 |
|a 330.9/549/205
|2 21
|
| 100 |
1 |
|
|a Bhadra, Laura Jean.
|
| 245 |
1 |
0 |
|a Red and green, a Bangladesh collage :
|b free market principles in economics, politics, culture, and education /
|c Laura Jean Bhadra, Dipasis Bhadra.
|
| 246 |
3 |
0 |
|a Bangladesh collage
|
| 260 |
|
|
|a Dhaka :
|b University Press Ltd.,
|c 1997.
|
| 300 |
|
|
|a viii, 195 p. ;
|c 22 cm.
|
| 504 |
|
|
|a Includes bibliographical references (p. [183]-189) and index.
|
| 541 |
1 |
|
|e 00005980
|
| 651 |
|
0 |
|a Bangladesh
|x Economic conditions.
|
| 651 |
|
0 |
|a Bangladesh
|x Social life and customs.
|
| 651 |
|
0 |
|a Bangladesh
|x Politics and government.
|
| 700 |
1 |
|
|a Bhadra, Dipasis,
|d 1960-
|
| 852 |
4 |
|
|a Ayesha Abed Library
|j General shelf
|
| 999 |
|
|
|c 6134
|d 6134
|
| 952 |
|
|
|0 0
|1 0
|2 ddc
|4 0
|6 330_954920500000000_BHA_1997
|7 0
|9 6125
|a BRACUL
|b BRACUL
|c GEN
|d 2009-12-15
|g 200.00
|l 0
|o 330.9549205 BHA
|p 3010005980
|r 2009-12-15
|t 1
|v 400.00
|w 2009-12-15
|y BK
|
| 952 |
|
|
|0 0
|1 0
|2 ddc
|4 0
|6 330_954920500000000_BHA_1997
|7 0
|9 6126
|a BRACUL
|b BRACUL
|c GEN
|d 2009-12-15
|g 200.00
|l 0
|o 330.9549205 BHA
|p 3010005979
|r 2009-12-15
|t 2
|v 400.00
|w 2009-12-15
|y BK
|
| 952 |
|
|
|0 0
|1 0
|2 ddc
|4 0
|6 330_900000000000000_549_205_BHA
|7 0
|9 42915
|a SCL
|b SCL
|c GEN
|d 1998-11-14
|g 250.00
|l 0
|o 330.9549205 BHA
|p 3020000554
|r 2014-07-06
|t 3
|w 2014-07-06
|y BK
|